000 01036nam a2200277 i 4500
001 186205
003 SpMaBN
005 20231210130524.0
008 160919s2016 sp d |||| | spa d
020 _a978-84-9086-554-5
080 _a343.988(460)
100 1 _aDaza Bonachela, María del Mar.
_9160908
245 1 0 _aEscuchar a las víctimas
_b: victimología, derecho victimal y atención a las víctimas /
_cMaría del Mar Daza Bonachela ; prólogo, María José Jiménez Díaz ; nota introductoria, José Miguel Ayllón Camacho.
260 _aValencia :
_bTirant lo Blanch,
_c2016.
300 _a501 p. :
_bgráf. ;
_c22 cm.
490 1 _aTirant monografías ;
_v994
500 _aApéndice legislativo.
500 _aÍndices.
504 _aBibliografía: p. [463]-498.
530 _aEn cub.: E-book.
650 7 _aVíctimas de delitos.
_9152592
830 0 _aTirant monografías ;
_v994
_9225368
852 _aES-MaACL
_jA-13962
_9193260
_bR.151201
_cDEPO1
_dOlim: N-6962
942 _2udc
999 _c186205
_d186205